| 000 | 00468nam a2200181Ia 4500 | ||
|---|---|---|---|
| 001 | 24240 | ||
| 005 | 20260414151030.0 | ||
| 008 | 260414t2014||||xx |||||||||||||| ||spa|| | ||
| 041 | _aESP | ||
| 082 |
_a345.2 _bA67 |
||
| 100 |
_aArbulú Martínez, Víctor Jimmy _eAUT |
||
| 245 | 0 |
_aLa investigación preparatoria en el nuevo proceso penal _b |
|
| 260 | _c2014 | ||
| 300 |
_a493 páginas : _c25 cm. |
||
| 650 | _aDER | ||
| 654 | _aCDE | ||
| 942 |
_cLIB _dJUS _fJUS _2ddc _n |
||
| 999 |
_c24240 _d24240 |
||